|
|
|
|
| LEADER |
00000nam a2200000 i 4500 |
| 001 |
DIGTECANT0011 |
| 003 |
NyNyDIG |
| 007 |
cr ||||||||||| |
| 008 |
241125s2020 ck a ob 000 0 spa d |
| 006 |
m o d |
| 035 |
|
|
|a (OCoLC)1473345972
|
| 040 |
|
|
|a DGITA
|b eng
|e rda
|e pn
|c DGITA
|
| 020 |
|
|
|a 9789585309951
|q digital
|
| 020 |
|
|
|z 9789585309944
|q impreso
|
| 050 |
1 |
4 |
|a LC191.9 ebook
|
| 100 |
1 |
|
|a Ceballos Betancur, Wilfer Arley,
|e author.
|
| 245 |
1 |
0 |
|a Diseño de una línea base para un modelo de responsabilidad social universitaria (RSU) :
|b con enfoque transformador sistémico - complejo (TS y C) /
|c Wilfer Arley Ceballos Betancur, investigador principal ; Héctor Mario Ocampo Suárez, coinvestigador [and 4 others].
|
| 264 |
|
1 |
|a Medellín, Colombia:
|b Sello Editorial Tecnológico de Antioquia,
|c [2020]
|
| 300 |
|
|
|a 1 online resource :
|b illustrations.
|
| 336 |
|
|
|a text
|b txt
|2 rdacontent
|
| 337 |
|
|
|a computer
|b c
|2 rdamedia
|
| 338 |
|
|
|a online resource
|b cr
|2 rdacarrier
|
| 347 |
|
|
|a text file
|2 rdaft
|
| 347 |
|
|
|b PDF
|
| 500 |
|
|
|a "Grupos de investigación: Observatos - Red Gifa".
|
| 504 |
|
|
|a Includes bibliographical references.
|
| 588 |
0 |
|
|a Online resource; title from PDF title page (Digitalia, viewed November 25, 2024)
|
| 650 |
|
0 |
|a Universities and colleges
|x Social aspects.
|
| 650 |
|
0 |
|a Social responsibility of business.
|
| 700 |
1 |
|
|a Ocampo Suárez, Héctor Mario,
|e author.
|
| 791 |
2 |
|
|a Digitalia (Firm),
|e distributor.
|
| 793 |
0 |
|
|g Digitalia eBook Collection:
|a Tecnológico de Antioquia
|
| 776 |
0 |
8 |
|i Print version:
|a Ceballos Betancur, Wilfer Arley.
|t Diseño de una línea base para un modelo de responsabilidad social universitaria (RSU).
|d Medellín, Colombia: Sello Editorial Tecnológico de Antioquia, [2020]
|z 9789585309944
|
| 856 |
4 |
0 |
|3 Digitalia Hispánica
|u https://www.digitaliapublishing.com/a/159132/
|
| 910 |
|
|
|a Premium collection: 2024
|